000 01024nam a2200217 i 4500
001 189990
003 ES-MaACL
005 20230906223618.0
008 200304s1973 sp |||| | spa d
080 _a347.176.2:341.232.3(4):061.1(043.2)
100 1 _aAbellán Honrubia, Victoria,
_918066
245 1 3 _aLa libertad de establecimiento en la Comunidad Económica Europea :
_bsu incidencia en el ordenamiento interno francés y español, en el supuesto de ingreso de España /
_cpor Victoria Abellán Honrubia.
260 _aBarcelona :
_b[Universidad, Facultad de Derecho],
_c1973.
300 _a13 p. ;
_c24 cm.
502 _aTesis-Univ. Barcelona (Extracto)
594 _aPrecede al tít.: Universidad de Barcelona. Secretariado de Publicaciones. Intercambio Científico y Extensión Universitaria.
650 4 _aLibertad de establecimiento y servicios (Derecho comunitario)
_9141756
710 2 _aUniversidad de Barcelona.
_bFacultad de Derecho.
_97147
852 4 _aES-MaACL
_jP-1414-10
999 _c189990
_d189990